{"text_format":"3","workbook":"xlsx","n_sheets":3,"sheets":["Folha1","Folha2","Folha3"],"not_rendered":{"images":2,"external_links":1,"defined_names":1},"read":"whole","date_system":"1900"}

{"sheet":"Folha1","index":0,"n_rows":19,"n_cols":6,"rows_kept":19,"merged":[[0,2,0,5],[1,2,1,5],[2,2,2,4]]}
[",",null,"Planilha Orçamentária de Referência"]
[null,null,{"$f":"'[1]CDHU 180'!C2","v":"      COMPANHIA DE DESENVOLVIMENTO HABITACIONAL E URBANO"}]
[null,null,{"$f":"'[1]CDHU 180'!C3","v":"BOLETIM REFERENCIAL DE CUSTOS - TABELA DE SERVIÇOS"},null,null,"CHDU 186"]
[]
["Referência","Descrição","Un","Quant.","Custo Unit.","Custo Total"]
["01.17.031","Projeto executivo de arquitetura em formato A1","UN",200,{"v":2711.35,"d":"2,711.35"},{"$f":"D6*E6","v":{"v":542270,"d":"542,270.00"}}]
["01.17.041","Projeto executivo de arquitetura em formato A0","UN",200,{"v":3665.44,"d":"3,665.44"},{"$f":"D7*E7","v":{"v":733088,"d":"733,088.00"}}]
["01.17.051","Projeto executivo de estrutura em formato A1","UN",160,{"v":1988.49,"d":"1,988.49"},{"v":318158.4,"d":"318,158.40"}]
["01.17.061","Projeto executivo de estrutura em formato A0","UN",160,{"v":2720.63,"d":"2,720.63"},{"v":435300.8,"d":"435,300.80"}]
["01.17.071","Projeto executivo de instalações hidráulicas em formato A1","UN",160,853.67,{"v":136587.2,"d":"136,587.20"}]
["01.17.081","Projeto executivo de instalações hidráulicas em formato A0","UN",160,{"v":1136.33,"d":"1,136.33"},{"v":181812.8,"d":"181,812.80"}]
["01.17.111","Projeto executivo de instalações elétricas em formato A1","UN",160,947.94,{"v":151670.4,"d":"151,670.40"}]
["01.17.121","Projeto executivo de instalações elétricas em formato A0","UN",160,{"v":1314.36,"d":"1,314.36"},{"v":210297.6,"d":"210,297.60"}]
["01.17.151","Projeto executivo de climatização em formato A1","UN",160,{"v":1824.62,"d":"1,824.62"},{"v":291939.2,"d":"291,939.20"}]
["01.17.161","Projeto executivo de climatização em formato A0","UN",160,{"v":2487.16,"d":"2,487.16"},{"v":397945.6,"d":"397,945.60"}]
["01.17.171","Projeto executivo de chuveiros automáticos em formato A1","UN",160,{"v":1575.18,"d":"1,575.18"},{"v":252028.8,"d":"252,028.80"}]
["01.17.181","Projeto executivo de chuveiros automáticos em formato A0","UN",160,{"v":2035.97,"d":"2,035.97"},{"v":325755.2,"d":"325,755.20"}]
[]
[{"$nulls":4},"total",{"$f":"SUM(F6:F18)","v":{"v":3976854,"d":"3,976,854.00"}}]

{"sheet":"Folha2","index":1,"n_rows":0,"n_cols":0,"rows_kept":0}

{"sheet":"Folha3","index":2,"n_rows":0,"n_cols":0,"rows_kept":0}